<?xml version="1.0" encoding="UTF-8"?>
<record
    xmlns:xsi="http://www.w3.org/2001/XMLSchema-instance"
    xsi:schemaLocation="http://www.loc.gov/MARC21/slim http://www.loc.gov/standards/marcxml/schema/MARC21slim.xsd"
    xmlns="http://www.loc.gov/MARC21/slim">

  <leader>00974nam a2200229Ia 4500</leader>
  <controlfield tag="003">IN-BaIIA</controlfield>
  <controlfield tag="008">211028s9999    xx            000 0 eng d</controlfield>
  <datafield tag="020" ind1=" " ind2=" ">
    <subfield code="a">0-521-41295-1</subfield>
  </datafield>
  <datafield tag="040" ind1=" " ind2=" ">
    <subfield code="c">IIA Library</subfield>
  </datafield>
  <datafield tag="080" ind1=" " ind2=" ">
    <subfield code="a">524.74(082.2)</subfield>
    <subfield code="b">VAR</subfield>
  </datafield>
  <datafield tag="111" ind1=" " ind2=" ">
    <subfield code="a">Conference on&#xA0;Variability&#xA0;of&#xA0;Active&#xA0;Galactic&#xA0;Nuclei</subfield>
    <subfield code="c">Georgia</subfield>
    <subfield code="d">1990 May 2-4</subfield>
    <subfield code="9">17590</subfield>
  </datafield>
  <datafield tag="245" ind1=" " ind2="0">
    <subfield code="a">Variability of active galactic nuclei</subfield>
    <subfield code="b">proceedings of a conference on&#xA0;variability&#xA0;of&#xA0;active&#xA0;galactic&#xA0;nuclei, held in Georgia State University, May 2-4, 1990</subfield>
    <subfield code="c">edited by H. Richard Miller and Paul J. Wiita                                         </subfield>
  </datafield>
  <datafield tag="260" ind1=" " ind2=" ">
    <subfield code="a">Cambridge</subfield>
    <subfield code="b">Cambridge University Press</subfield>
    <subfield code="c">1991</subfield>
  </datafield>
  <datafield tag="300" ind1=" " ind2=" ">
    <subfield code="a">xiii, 387p.</subfield>
  </datafield>
  <datafield tag="650" ind1=" " ind2=" ">
    <subfield code="a">Active galactic nuclei</subfield>
    <subfield code="9">6209</subfield>
  </datafield>
  <datafield tag="650" ind1=" " ind2=" ">
    <subfield code="a">Astronomy and astrophysics thesaurus</subfield>
  </datafield>
  <datafield tag="650" ind1=" " ind2=" ">
    <subfield code="a">Galactic nuclei</subfield>
    <subfield code="9">3453</subfield>
  </datafield>
  <datafield tag="700" ind1=" " ind2=" ">
    <subfield code="a">Miller, H. Richard, ed.</subfield>
    <subfield code="9">17591</subfield>
  </datafield>
  <datafield tag="700" ind1=" " ind2=" ">
    <subfield code="a">Wiita, Paul J., ed.</subfield>
    <subfield code="9">17592</subfield>
  </datafield>
  <datafield tag="710" ind1=" " ind2=" ">
    <subfield code="a">National Science foundation</subfield>
    <subfield code="9">6334</subfield>
  </datafield>
  <datafield tag="942" ind1=" " ind2=" ">
    <subfield code="c">BK</subfield>
  </datafield>
  <datafield tag="999" ind1=" " ind2=" ">
    <subfield code="c">10352</subfield>
    <subfield code="d">10352</subfield>
  </datafield>
  <datafield tag="952" ind1=" " ind2=" ">
    <subfield code="0">0</subfield>
    <subfield code="1">0</subfield>
    <subfield code="4">0</subfield>
    <subfield code="7">0</subfield>
    <subfield code="a">BAN</subfield>
    <subfield code="b">BAN</subfield>
    <subfield code="c">GEN</subfield>
    <subfield code="d">1992-04-24</subfield>
    <subfield code="g">1921.50</subfield>
    <subfield code="l">1</subfield>
    <subfield code="o">524.74(082.2)/ VAR</subfield>
    <subfield code="p">11262</subfield>
    <subfield code="r">2023-06-05</subfield>
    <subfield code="s">2023-05-04</subfield>
    <subfield code="v">1921.50</subfield>
    <subfield code="w">1992-04-24</subfield>
    <subfield code="y">BK</subfield>
    <subfield code="G">Rs. 1921.50</subfield>
  </datafield>
</record>
